000 00890nam a2200181Ia 4500
008 100920s9999 xx 000 0 und d
082 _b15430
_a410 थ 63
100 _aखुपेरकर बाळाचार्य माधवाचार्य.
245 _aश्रीज्ञानेश्वर वाङ्रमयाचा सांगोपांग अभ्यास.
260 _bगोळे व. ह, पुणे विद्यापीठ, पुणे.
_c1963
300 _a109
_bसाधी
365 _b3
520 _aभाषा.
630 _aश्रीज्ञानेश्वर वाङ्रमयाचा सांगोपांग अभ्यास.
650 _aभाषा.
730 _aश्रीज्ञानेश्वर वाङ्रमयाचा सांगोपांग अभ्यास.
942 _cBOOK
999 _c678874
_d678871